Verificación digital para periodistas. Manual contra bulos y desinformación internacional.

-д хадгалсан:
Номзүйн дэлгэрэнгүй
Үндсэн зохиолч: Redondo, Myriam (autora)
Формат: Үл мэдэгдэх
Хэл сонгох:англи
Хэвлэсэн: Barcelona, España: UOC, 2018.
Хэвлэл:Primera edición.
Нөхцлүүд:
Шошгууд: Шошго нэмэх
Шошго байхгүй, Энэхүү баримтыг шошголох эхний хүн болох!

MARC

LEADER 00000 a2200000 4500
003 CL-VaPUC
005 20240102115527.0
008 231215t2018 ||||| |||| 00| 0 eng d
999 |c 442490  |d 442488 
020 |a 978-84-9180-129-0 
040 |c Pontificia Universidad Católica de Valparaíso 
082 |2 22  |a 070.43 RED 2018 
100 |a Redondo, Myriam  |9 885803  |e autora  
245 |a Verificación digital para periodistas.  |b Manual contra bulos y desinformación internacional.  
250 |a Primera edición.  
260 |a Barcelona, España:   |b UOC,   |c 2018. 
300 |a 170 páginas.  
583 |k YDV  |c 20231215 
650 0 |9 327959  |a Redes sociales   |x Desinformación  |x Aspectos digitales  
650 0 |9 884555  |a Información  |x Internet, medios de comunicación, etc.  |x Noticias falsas (fake news)  |v Verificación digital  
650 0 |9 335499  |a Periodistas   |x Desinformación internacional   |v Guía del usuario  
942 |2 ddc  |c BK 
952 |0 0  |1 0  |2 ddc  |4 0  |6 070_430000000000000_RED_2018  |7 0  |8 A  |9 592820  |a BIBCUR  |b BIBCUR  |c GEN  |d 2023-12-12  |e 3  |g 21134.00  |i 5659791  |o 070.43 RED 2018  |p 5659791  |r 2025-04-22  |t 1  |v 21134.00  |w 2023-12-12  |y BK  |k PER